000 00296nam a22001337a 4500
008 170628b xxu||||| |||| 00| 0 eng d
020 _a0520038827
041 _aeng
080 _a821
100 _a21
101 _aGJL
245 _aANCIENT EGYPTIAN LITERATURE
_cLIGHTHEIM, M
942 _2udc
_cBK
999 _c19304
_d19304